|
|
|
|
| LEADER |
01923nam a22004575i 4500 |
| 001 |
978-3-540-27269-4 |
| 003 |
DE-He213 |
| 005 |
20151204185524.0 |
| 007 |
cr nn 008mamaa |
| 008 |
100301s2005 gw | s |||| 0|eng d |
| 020 |
|
|
|a 9783540272694
|9 978-3-540-27269-4
|
| 024 |
7 |
|
|a 10.1007/b138842
|2 doi
|
| 040 |
|
|
|d GrThAP
|
| 050 |
|
4 |
|a QE351-399.2
|
| 072 |
|
7 |
|a PNV
|2 bicssc
|
| 072 |
|
7 |
|a SCI048000
|2 bisacsh
|
| 082 |
0 |
4 |
|a 549
|2 23
|
| 100 |
1 |
|
|a Manutchehr-Danai, Mohsen.
|e author.
|
| 245 |
1 |
0 |
|a Dictionary of Gems and Gemology
|h [electronic resource] /
|c by Mohsen Manutchehr-Danai.
|
| 250 |
|
|
|a 2nd extended and revised edition.
|
| 264 |
|
1 |
|a Berlin, Heidelberg :
|b Springer Berlin Heidelberg,
|c 2005.
|
| 300 |
|
|
|a 1500 illus. eReference.
|b online resource.
|
| 336 |
|
|
|a text
|b txt
|2 rdacontent
|
| 337 |
|
|
|a computer
|b c
|2 rdamedia
|
| 338 |
|
|
|a online resource
|b cr
|2 rdacarrier
|
| 347 |
|
|
|a text file
|b PDF
|2 rda
|
| 520 |
|
|
|a The rapid growth of gemological sciences and mineralogy requires a comprehensive dictionary for gemologists, mineralogists, geologists, jewel dealers, industry, and hobbyists. The second edition of this dictionary contains about 25,000 entries – about 9,000 more than the first edition. The comprehensive definitions are now completed by more than 1,500 charts, diagrams and figures. The author offers a one-stop reference to any matter dealing with gems and gemology.
|
| 650 |
|
0 |
|a Earth sciences.
|
| 650 |
|
0 |
|a Geology.
|
| 650 |
|
0 |
|a Mineral resources.
|
| 650 |
|
0 |
|a Mineralogy.
|
| 650 |
1 |
4 |
|a Earth Sciences.
|
| 650 |
2 |
4 |
|a Mineralogy.
|
| 650 |
2 |
4 |
|a Geology.
|
| 650 |
2 |
4 |
|a Mineral Resources.
|
| 710 |
2 |
|
|a SpringerLink (Online service)
|
| 773 |
0 |
|
|t Springer eBooks
|
| 776 |
0 |
8 |
|i Printed edition:
|z 9783540239703
|
| 856 |
4 |
0 |
|u http://dx.doi.org/10.1007/b138842
|z Full Text via HEAL-Link
|
| 912 |
|
|
|a ZDB-2-EES
|
| 950 |
|
|
|a Earth and Environmental Science (Springer-11646)
|